00581nam a2200205Ia 450000500170000000800410001702000150005808200210007310000150009424500380010926000390014730000160018665000120020265000180021465000130023265000120024594200060025795200970026399900150036020250324042125.0240331s9999 xx 000 0 und d a0415039495 a303.4bHEB22429 aHebdige, D 0aSubculture:bThe Meaning of Style aLondon;aNew YorkbRoutledgec1979 aix, 195 p., aCulture aCommunication aHomology aSociety cL 001040708LaWERCLbWERCLcSSCd2024-03-31l0o 303.4 HEBp2429r2024-03-31w2024-03-31yL c1217d1217